Аппаратно-программный комплекс контроля технического состояния оптических кабелей по дополнительным потерям мощности: диссертация диссертации на соискание ученой степени кандидата технических наук; спец. 2.2.8
| Autor principal: | |
|---|---|
| Autor corporatiu: | |
| Altres autors: | |
| Sumari: | Заглавие с титульного экрана Электронная версия печатной публикации Защита сост. 16.04.2024 На правах рукописи Текстовый файл |
| Idioma: | rus |
| Publicat: |
Томск, 2024
|
| Matèries: | |
| Accés en línia: | https://earchive.tpu.ru/handle/11683/77541 |
| Format: | MixedMaterials Electrònic Llibre |
| KOHA link: | https://koha.lib.tpu.ru/cgi-bin/koha/opac-detail.pl?biblionumber=670859 |
MARC
| LEADER | 00000nam0a2200000 4500 | ||
|---|---|---|---|
| 001 | 670859 | ||
| 005 | 20240226150101.0 | ||
| 090 | |a 670859 | ||
| 100 | |a 20240222d2024 k||y0rusy50 ca | ||
| 101 | 0 | |a rus | |
| 102 | |a RU | ||
| 105 | |a a m 001yy | ||
| 135 | |a drcn ---uucaa | ||
| 181 | 0 | |a i |b e | |
| 182 | 0 | |a b | |
| 183 | 0 | |a cr |2 RDAcarrier | |
| 200 | 1 | |a Аппаратно-программный комплекс контроля технического состояния оптических кабелей по дополнительным потерям мощности |e диссертация диссертации на соискание ученой степени кандидата технических наук |e спец. 2.2.8 |f А. Д. Алькина |g Национальный исследовательский Томский политехнический университет ; науч. рук. А. В. Юрченко | |
| 203 | |a Текст |c электронный |b визуальный | ||
| 210 | 1 | |a Томск |d 2024 | |
| 215 | |a 1 файл (4 666 КБ, 267 с.) |c pdf | ||
| 283 | |2 RDAcarrier |a online_resource | ||
| 300 | |a Заглавие с титульного экрана | ||
| 300 | |a Электронная версия печатной публикации | ||
| 300 | |a Защита сост. 16.04.2024 | ||
| 320 | |a Список литературы: с. 177-199 (218 назв.) | ||
| 333 | |a На правах рукописи | ||
| 336 | |a Текстовый файл | ||
| 606 | 1 | |a Кабели связи оптические |9 39999 | |
| 610 | 1 | |a электронный ресурс | |
| 610 | 1 | |a диссертации | |
| 610 | 1 | |a труды учёных ТПУ | |
| 610 | 1 | |a волоконно-оптические линии передач | |
| 610 | 1 | |a ВОЛП | |
| 610 | 1 | |a волоконно-оптические кабели | |
| 610 | 1 | |a внутризоновые сети | |
| 610 | 1 | |a программно-аппаратные комплексы | |
| 610 | 1 | |a оптико-цифровой интеллектуальный контроль | |
| 610 | 1 | |a оптическое рассеяние | |
| 610 | 1 | |a контроль | |
| 610 | 1 | |a техническое состояние | |
| 610 | 1 | |a фотоупругость | |
| 610 | 1 | |a оптические волокна | |
| 610 | 1 | |a механические воздействия | |
| 610 | 1 | |a Рэлеевское рассеяние | |
| 610 | 1 | |a надежность | |
| 610 | 1 | |a безопасность | |
| 675 | |a 621.39.052(04) |v 4 |z rus | ||
| 686 | |2 oksvnk |a 05.11.13 | ||
| 700 | 1 | |a Алькина |b А. Д. |g Алия Даулетхановна | |
| 702 | 1 | |a Юрченко |b А. В. |c физик |c профессор Томского политехнического университета, доктор технических наук |f 1974- |g Алексей Васильевич |9 11528 | |
| 712 | 0 | 2 | |a Национальный исследовательский Томский политехнический университет |c (2009- ) |9 26305 |4 070 |
| 801 | 0 | |a RU |b 63413507 |c 20240222 |g RCR | |
| 850 | |a 63413507 | ||
| 856 | 4 | |u https://earchive.tpu.ru/handle/11683/77541 |z https://earchive.tpu.ru/handle/11683/77541 | |
| 942 | |c CF | ||